| 000 | 00881nam a22001817a 4500 | ||
|---|---|---|---|
| 003 | BR-ViAPE | ||
| 005 | 20260422110758.0 | ||
| 008 | 260422s1892 por gs||||s000 0 por d | ||
| 040 | _cBR-ViAPE | ||
| 110 |
_aEspírito Santo _bEstado |
||
| 245 | _aDiscurso pronunciado pelo Exm. Sr. Dr. José de Mello Carvalho Moniz Freire Presidente do Estado do Espírito Santo após sua promessa constitucional perante o Congresso Constituinte | ||
| 260 |
_aVitória _bTyp. do Estado _c1892 |
||
| 300 |
_a7 p. _bDocumento digitalizado (PDF) |
||
| 500 | _aDocumento digitalizado do acervo institucional do Arquivo Público do Estado do Espírito Santo - APEES. | ||
| 651 |
_aEspírito Santo _xAdministração pública |
||
| 856 |
_uhttps://ape.es.gov.br/Media/ape/PDF/Mensagens/JOS%C3%89%20DE%20MELLO%20CARVALHO%20MONIZ%20FREIRE.pdf _yCLIQUE AQUI PARA ACESSAR O DOCUMENTO |
||
| 942 |
_2ddc _cMSGREL _n1 |
||
| 999 |
_c528 _d528 |
||